000 00536nam a2200193 a 4500
001 1771588832107
003 YourLibrary
005 20260220173229.0
008 260220s2005##################000#0#eng##
020 _a9780202308326
082 0 4 _a320.19
_bTOR
100 1 _aHess, Robert D.,
_eauthor.
245 1 0 _aThe Development of Political Attitudes in Children :
260 _bTransaction Publishers,
_c2005.
300 _a288 pages
650 0 _aPolitical Science.
942 _cENGLISH
040 _aYourLibrary
_beng
_cYourLibrary
999 _c614616
_d614616